000
00345nam a2200145Ia 4500
008
210716s1970 xx 000 0 und d
041
_a
eng
082
_a
150 HYMR
100
_a
Hyman, Ronald T.
245
_a
Ways of teaching.
250
_a
1
260
_a
New York
_b
J B Lippincott Company
_c
1970
300
_a
xi,290
650
_a
Psychology
999
_c
200669
_d
200669